| 000 | 00736nam a2200229 a 4500 | ||
|---|---|---|---|
| 999 |
_c437 _d437 |
||
| 001 | 437 | ||
| 003 | BD-JhCC | ||
| 005 | 20200405134007.0 | ||
| 008 | 171004s2014 bg |||| ||a| 00| 0 ben d | ||
| 020 | _a9843000007621 | ||
| 035 | _a(BD-JhCC)437 | ||
| 040 |
_aBD-JhCC _dBD-JhCC |
||
| 041 | _abengali | ||
| 082 |
_a891.4 _bMAH 2014 |
||
| 100 | _aমাহমুদ, সেজান | ||
| 245 |
_aমানুষ মানুষের জন্য : _bবিজ্ঞানের কল্পকাহিনি / _cসেজান মাহমুদ |
||
| 260 |
_aঢাকা : _bলেকচার পাবলিকেশন, _c2014 |
||
| 300 |
_a64 p. : _c22 cm. |
||
| 650 | _aBangali Fiction | ||
| 942 |
_2ddc _cBK _02 |
||